LEADER 01979nam0 22003973i 450 001 SBL0099796 005 20251003044349.0 020 $aIT$b70-288 100 $a20130827d1970 ||||0itac50 ba 101 | $aita 102 $ait 181 1$6z01$ai $bxxxe 182 1$6z01$an 183 1$6z01$anc$2RDAcarrier 200 1 $aˆLa ‰tutela delle acque$ecriteri economici e giuridici per la programmazione della qualità e della quantità delle risorse idriche in Italia$fE. Gerelli, U. Pototschnig, G. Muraro$ga cura di Emilio Gerelli 210 $aMilano$cF. Angeli$d1970 215 $a154 p.$d22 cm. 225 | $aˆL'‰economia dei beni collettivi$v1 410 0$1001SBL0357569$12001 $aˆL'‰economia dei beni collettivi$v1 606 $aAcque pubbliche$xItalia$2FIR$3SBLC028848$9I 676 $a333.91$9RISORSE NATURALI ED ENERGIA. ACQUA E TERRENI CONTIGUI A CORPI D'ACQUA$v23 676 $a344.046343$9DIRITTO IN MATERIA SOCIALE. CONTROLLO DELLE ACQUE$v21 696 $aAcque demaniali 699 $aAcque pubbliche$yAcque demaniali 700 1$aGerelli$b, Emilio$3CFIV030125$023531 701 1$aMuraro$b, Gilberto$3CFIV063124$034334 701 1$aPototschnig$b, Umberto$3CFIV097949$023532 801 3$aIT$bIT-000000$c20130827 850 $aIT-BN0095 $aIT-NA0079 901 $bNAP BN$cMAGAZZINO $nmagazzini correnti divisi per anni 901 $bNAP 01$cPOZZO LIB.$nVi sono collocati fondi di economia, periodici di ingegneria e scienze, periodici di economia e statistica e altri fondi comprendenti documenti di economia pervenuti in dono. 912 $aSBL0099796 950 0$aBiblioteca Centralizzata di Ateneo$c1 v.$d 01POZZO LIB.F. PARRAVICINI 322$e 0101 0600161515E VMA 1 v. (Sul risguardo dedica autografa dell'autore G. Muraro. - Precedente collocazione P 296)$fB $h20221020$i20221020 977 $a 01$a BN 996 $aTutela delle acque$9327073 997 $aUNISANNIO